Memoria 1944 - 1969 / Club Villarino
Descripción Física:
15 p. ; 17 cm
Materias:
Club Villarino -- Memòries
MARC
| LEADER | 00000nam a2200000Ia 4500 | ||
|---|---|---|---|
| 001 | 22086 | ||
| 008 | 160829s1969 xx 000 0 cat d | ||
| 080 | |a FU-47-74 | ||
| 100 | |a Club Villarino |9 47067 | ||
| 245 | |a Memoria 1944 - 1969 / Club Villarino | ||
| 260 | |a Marianao [Cuba] : |b [s.n.], |c 1969 | ||
| 300 | |a 15 p. ; |c 17 cm | ||
| 590 | |a A la part inferior de la portada: Cincuentenario del Club. Ejemplar no. 00338. | ||
| 590 | |a Prové de S-62 (Comissió de Govern 17.02.1970) | ||
| 650 | |a Club Villarino |x Memòries |9 47068 | ||
| 901 | |a Arxiu | ||
| 942 | |n 1 | ||
| 952 | |0 0 |1 0 |4 0 |6 FU4774 |7 1 |9 53640 |a Arxiu |b Arxiu |d 2016-12-01 |l 0 |o FU-47-74 |p 22086 |r 2016-12-01 00:00:00 |w 2016-12-01 |y ARXIU | ||
| 999 | |c 57506 |d 57506 | ||